000 00636 a2200193 4500
001 41386
005 20260407155708.0
008 260407a arg spa d
003 AR-UNSa-BCEJYS
040 _aAR-UNSa-BCEJYS
_bspa
_cAR-UNSa-BCEJYS
080 _a336.221
_xTributación
245 1 0 _aRégimen de incentivo fiscal para el desarrollo del autopartismo argentino
_psuplemento
264 1 _aBuenos Aires :
_bErrepar
300 _a14 p.
_c21 cm.
041 _aspa
942 _cBK
590 _aniveau_biblio:m niveau_hierar:0
856 4 1 _uhttps://biblioeco.unsa.edu.ar/pmb/images/libros/E00049.jpg
_yImagen de portada
_qimage/jpeg
999 _c3491
_d3491